Mapy ako nástroj dátovej vizualizácie

Jednou z možností, ktorá najlepšie predstavuje obsah údajov a ich charakter, je vizualizácia. Prezentácia požadovaných údajov v relevantnej forme pre ďalšie rozhodovanie. Vedná disciplína, ktorá sa venuje výskumu dát je jednou z najrýchlejšie rastúcich najprosperujúcejších oblastí 21. storočia.

Guardado en:
Detalles Bibliográficos
Autor principal: Páleš, Michal, 1984-
Formato: Capítulo de libro
Lenguaje:eslovaco
Materias:
Etiquetas: Agregar Etiqueta
Sin Etiquetas, Sea el primero en etiquetar este registro!

MARC

LEADER 00000nla$a2200000$$$4500
001 0246165
005 20240502083656.9
041 0 |a slo 
044 |a CZ 
245 1 0 |a Mapy ako nástroj dátovej vizualizácie  |c Michal Páleš 
520 |a Jednou z možností, ktorá najlepšie predstavuje obsah údajov a ich charakter, je vizualizácia. Prezentácia požadovaných údajov v relevantnej forme pre ďalšie rozhodovanie. Vedná disciplína, ktorá sa venuje výskumu dát je jednou z najrýchlejšie rastúcich najprosperujúcejších oblastí 21. storočia. 
610 2 0 |a matematika aplikovaná 
610 2 0 |a technológie informačné 
610 2 0 |a štatistika aplikovaná 
610 2 0 |a dáta 
610 2 0 |a prezentácia 
100 1 |a Páleš, Michal, 1984-